10 suurinta Yhdysvaltain osavaltiota - Statistics

Yleistilastot
  • Tätä visaa on pelattu 119 kertaa
  • Keskiarvotulos 7 / 10
Vastaustilastot
km2 Osavaltio % Oikein
676 587 Texas
99%
1 477 953 Alaska
93%
403 466 Kalifornia
91%
284 332 Nevada
71%
268 431 Colorado
66%
294 207 Arizona
64%
376 962 Montana
62%
251 470 Wyoming
52%
314 161 Uusi Meksiko
51%
248 608 Oregon
45%
Ehtoja vastaavia visoja ei löytynyt
Tulosjakauma
Jokaisen tuloksen saaneiden osuus
Persentiili vastausten määrän mukaan
Tuloshistoriasi
Et ole pelannut tätä visaa